| 000 | 00484nam a22001697a 4500 | ||
|---|---|---|---|
| 003 | SISC | ||
| 005 | 20170613145038.0 | ||
| 008 | 170613b xxu||||| |||| 00| 0 eng d | ||
| 020 | _a9710412570 | ||
| 050 |
_aPN 524 _b.R692 2014 |
||
| 100 | _aRodil, Ruel A. | ||
| 245 |
_aHeritage of world literature / _cRuel C. Rodil. |
||
| 260 |
_aMandaluyong CIty : _bBooks Atbp., _c2014. |
||
| 300 |
_ax, 280 pages ; _c22 cm. |
||
| 500 | _aIncludes bibliographical references. | ||
| 942 |
_2lcc _cBK |
||
| 999 |
_c335222 _d335222 |
||